| 000 | 00826nam a2200217Ii 4500 | ||
|---|---|---|---|
| 003 | JO-AjNU | ||
| 008 | 230605s9999||||xx |||||||||||||| ||und|| | ||
| 017 | _a2002/4/903 | ||
| 040 |
_aJO-AjNU _bara _erda _cJO-AjNU |
||
| 041 | _aara | ||
| 050 | 1 | 4 | _aPJ7510 2002 |
| 100 | 3 |
_aبونيباكر، سيجر أدريانوس ؛ ترجمة خالص، وليد محمود ؛ سمير هيكل, _eauthor _911286 |
|
| 245 | 0 | 0 | _aمقدمة تحقيق كتاب نقد الشعر لقدامة بن جعفر الكاتب البغدادي |
| 250 | _aط1 | ||
| 264 | 3 | 1 | _aعمان: دار أسامة، 2003 |
| 300 | _a144ص | ||
| 336 |
_atext _btxt _2rdacontent |
||
| 337 |
_aunmediated _bn _2rdamedia |
||
| 338 |
_avolume _bnc _2rdacarrier |
||
| 650 | 4 |
_aالأدب العربي - تراث ثقافي - نقد أدبي - تراجم _911287 |
|
| 999 |
_aA2245 _c5813 _d5813 |
||